Score 0/18 Timer 05:00
3 Plays Today
Fruit % Correct
Orange
99.4%
Kiwifruit
99.3%
Watermelon
98.4%
Apple
96%
Lime
95%
Lemon
93.5%
Grapefruit
91.8%
Peach
90.6%
Pineapple
90.1%
Fruit % Correct
Strawberry
88.5%
Carambola (starfruit)
76.3%
Pomegranate
75.9%
Banana
70%
Papaya
62.6%
Cantaloupe
60.3%
Pitaya (dragon fruit)
47.9%
Passion fruit
39.8%
Guava
32.5%
Remove Ads.
Support Sporcle.
Get the best of Sporcle when you Go Orange. This ad-free experience offers more features, more stats, and more fun while also helping to support Sporcle. Thank you for becoming a member.

You're not logged in!

Compare scores with friends on all Sporcle quizzes.
OR
Log In

Sporcle TV

Today on Sporcle TV


Watch our educational content, quiz creation guides, and fun videos on Sporcle TV.

Show Comments

Extras

Top Quizzes Today


Score Distribution

Paid Content

Your Account Isn't Verified!

In order to create a playlist on Sporcle, you need to verify the email address you used during registration. Go to your Sporcle Settings to finish the process.

Report this User

Report this user for behavior that violates our Community Guidelines.

Details: